有省界/国界的地级行政区 地雷模式 Districts Containing Provincial Borders - Statistics

General Stats
  • This quiz has been taken 194 times
  • The average score is 8 of 30
Answers on the Grid
Answers color-coded by a green-red scale on the quiz's grid according to % correct below.
七台河
丽江
乐山
云浮
佳木斯
保山
兰州
南充
南昌
双鸭山
合肥
吐鲁番
大理
天水
太原
安顺
定西
平顶山
德阳
拉萨
昌吉
普洱
景德镇
来宾
杭州
楚雄
武汉
池州
沈阳
河池
洛阳
济南
海南州
淮安
渭南
湘潭
玉林
玉溪
益阳
石家庄
绥化
绵阳
自贡
芜湖
茂名
荆州
荆门
葫芦岛
衡水
衡阳
西宁
资阳
辽源
金华
铜川
镇江
长春
防城港
雅安
鹤壁
 
Answer Stats
Answer % Correct
景德镇
40%
石家庄
38%
杭州
36%
佳木斯
34%
双鸭山
34%
云浮
33%
淮安
32%
长春
32%
防城港
32%
荆州
31%
葫芦岛
31%
丽江
29%
天水
29%
楚雄
29%
保山
28%
兰州
28%
普洱
27%
沈阳
27%
渭南
27%
衡水
26%
辽源
26%
河池
25%
茂名
25%
池州
23%
玉林
20%
昌吉
19%
绵阳
16%
洛阳
15%
资阳
14%
益阳
10%
No matching quizzes found
Score Distribution
Percent of People with Each Score
Percentile by Number Answered
Your Score History
You have not taken this quiz